000 00681nam a22001937a 4500
003 BUBTL
008 200125b xxu||||| |||| 00| 0 eng d
020 _a984701380965
082 _a891.443 / Iq1m
100 _aইকবাল, মুহম্মদ জাফর
_91778
245 _aমহব্বত আলীর একদিন /
_c মুহম্মদ জাফর ইকবাল
250 _a1st ed.
260 _aঢাকা :
_bবিদ্যাপ্রকাশ,
_cc2010.
300 _a87 p. :
_c22 cm.
650 0 _91687
_aবাংলা সাহিত্য
856 _k0
_l0
_yDownload
942 _2ddc
_cBK
999 _c6256
_d6256